| 000 | 00350nam a2200145Ia 4500 | ||
|---|---|---|---|
| 008 | 230917s9999||||xx |||||||||||||| ||und|| | ||
| 040 |
_e48084 _aMAIN |
||
| 041 | _aEnglish | ||
| 082 | _a843.3 C337D | ||
| 100 | _aCervantes Saavedra, Miguel De | ||
| 245 | 0 | _aDon Quixote, V2 | |
| 260 |
_aLondon _bDent _c1962 |
||
| 300 | _avii, 483 p. | ||
| 942 | _cBK | ||
| 999 |
_c186552 _d186552 |
||